| 000 | 00382nam a2200145Ia 4500 | ||
|---|---|---|---|
| 008 | 220405s9999||||xx |||||||||||||| ||und|| | ||
| 020 | _a9788129135537 | ||
| 082 | _a823 BHA | ||
| 100 |
_aBhagat, Chethan _910571 |
||
| 245 | 0 | _aRevolution twenty 20 | |
| 260 |
_aRupa and Company _bLondon _c2015 |
||
| 300 |
_a296p. _bRs.176 |
||
| 650 | _aGENERAL BOOKS | ||
| 942 | _cSpecial Collection | ||
| 999 |
_c189616 _d189616 |
||